| 000 | 00453nam a2200169Ia 4500 | ||
|---|---|---|---|
| 999 |
_c35297 _d35297 |
||
| 003 | OSt | ||
| 005 | 20201230105050.0 | ||
| 008 | 190216s9999||||xx |||||||||||||| ||und|| | ||
| 040 | _coclc | ||
| 082 |
_a492.7 _bTRI/A |
||
| 100 |
_aTritton, A S _97962 |
||
| 245 | 0 |
_aArabic / _cA S Tritton |
|
| 260 |
_bTeach Yourself Books, _c1972. _aLondon: |
||
| 300 | _a296p | ||
| 650 | _aArabic | ||
| 942 |
_cBK _2ddc _h492.7 _iTRI/A _k492.7 _mTRI/A |
||